000 00377nam a2200157Ia 4500
008 231217s9999 xx 000 0 und d
041 _aEnglish
082 _a001.64404 TAN;46
100 _aTanenbaum, Andrew S.
245 0 _aComputer networks
250 _a4th ed.
260 _c2003
_bPHI
_aNew Delhi
300 _axx+891
650 _aComputer,networks
942 _cAA
999 _c170688
_d170688